| 000 | 01441nam a2200313 a 4500 | ||
|---|---|---|---|
| 003 | BLK | ||
| 005 | 20241023180548.0 | ||
| 008 | 180408b bul|||||r ||||||| ||bul|| | ||
| 020 | _a9789549226355 | ||
| 040 | _aBLK | ||
| 041 |
_aBUL _cBUL |
||
| 080 |
_aАмериканска литература (на САЩ) _b821.111(73) _x-93-322.4 _z821.111(73)-93-322.4 |
||
| 100 | 1 |
_aСтайн, Робърт Лорънс _9369934 |
|
| 245 | 1 | 0 |
_aВ гробницата на мумията _bЗабавен трилър за деца _cР. Л. Стайн; прев. Елена Щерева. |
| 257 | _aUSA | ||
| 260 |
_aСофия _bАгенция Ню импрес _c2009 _fСофия : Симолини-94 |
||
| 300 |
_a152 с. _c20 см |
||
| 380 | _aDX | ||
| 490 | 1 | _aПоредица Goosebumps | |
| 500 | _aОриг. загл. The curse of the mummy's tomb. - Съдържа и Не поглеждай под мивката! : Откъс. - Изд. на ориг. Parachute Press в сер. Goosebumps. - Офс. изд. | ||
| 653 | _aтрилъри | ||
| 653 | _aдетска литература | ||
| 700 | 1 |
_aЩерева, Елена Методиева _eпрев. _9302989 |
|
| 852 |
_aЦб 246032 _bЦб _c821-93/С 62 Р |
||
| 942 |
_cKNG _n0 _08 |
||
| 944 |
_aCR _c19.11.2009 _k30537 _lГрета Цуфелде |
||
| 944 |
_aED _c2023-07-19 _kСТ |
||
| 999 |
_c88048 _d88048 |
||